[Event "Madrid Magistral 6th"]
[Site "Madrid"]
[Date "1997.05.25"]
[Round "4"]
[White "Beliavsky, Alexander G"]
[Black "Short, Nigel D"]
[Result "1-0"]
[WhiteElo "2665"]
[BlackElo "2690"]
[Annotator "Ftacnik,L"]
[PlyCount "75"]
[EventDate "1997.06.??"]
[EventType "tourn"]
[EventRounds "9"]
[EventCountry "ESP"]
[EventCategory "17"]
[SourceTitle "CBM 059"]
[Source "ChessBase"]
[SourceDate "1997.08.01"]
[SourceVersion "1"]
[SourceVersionDate "1997.08.01"]
[SourceQuality "1"]

1. d4 Nf6 2. c4 e6 3. Nc3 Bb4 4. Qc2 c5 5. dxc5 Na6 6. a3 Bxc3+ 7. Qxc3 Nxc5 8.
f3 d5 9. cxd5 b6 (9... Qxd5 10. e4 $16 {Rubinstein-Johner/Karlovy Vary/1929/})
10. b4 (10. Bg5 exd5 11. Rd1 Bd7 $5 12. Bxf6 gxf6 13. Rxd5 Rc8 14. e3 Ne6 15.
Qd2 Qc7 $132) (10. dxe6 Bxe6 11. Bg5 Rc8 12. Rd1 Qe7 $132) 10... Na4 11. Qb3 (
11. Qc2 b5 (11... Bd7 12. dxe6 fxe6 13. Bb2 Rc8 14. Qb3 Nxb2 15. Qxb2 Ba4 16.
Rc1 O-O 17. Nh3 Qd6 18. e3 Nd5 19. Qd2 Qe5 20. e4 Rcd8 21. Bd3 Nf6 22. Nf2 {
0-1 Medancic,R-Verat,L/Candas op (07)/1996 (45)}) 12. e4 a6 13. Be3 exd5 14. e5
O-O 15. Bd4 Re8 16. Bd3 Nd7 17. f4 Nf6 18. Nf3 Bb7 19. O-O Rc8 20. Qe2 Ne4 21.
Qe3 f5 22. exf6 Nxf6 23. Ne5 {1-0 Shabalov,A-Moskow,E/New York MCC (08)/1992 
(29)}) 11... b5 12. e4 a6 (12... Qb6 13. Be3 $16) 13. Bd3 (13. Ne2 O-O (13...
exd5 14. e5 Nd7 15. f4 O-O 16. Be3 $14) 14. Bg5 (14. Be3 exd5 15. e5 d4 16.
Nxd4 Re8 17. Rd1 Nd5 18. Nc6 Qc7 19. Qxd5 Bb7 20. Qd6 $14 {Rychagov,A-Lugovoi,
A/St.Petersburg/1996/}) 14... h6 15. Bh4 exd5 (15... Re8 $5 16. Rd1 exd5 17.
Rxd5 Qb6 18. Bf2 Qb7 19. Rd2 Be6 $44) 16. e5 Re8 $5 (16... g5 17. Bf2 Nd7 18.
Qxd5 Nab6 19. Qe4 Qe7 20. Rd1 $16) 17. f4 $1 g5 18. Bf2 Ne4 19. Bd4 Be6 (19...
Bg4 20. Qe3 gxf4 21. Qxf4 Qg5 22. g3 $14) 20. Qf3 $1 {0-1 Miles,A-De Firmian,N/
Manila izt (06)/1990 (37)}) (13. Bg5 h6 14. Bh4 exd5 15. Rd1 O-O 16. Rxd5 Qb6
17. Bxf6 Qxf6 $44) (13. dxe6 Bxe6 14. Qe3 Rc8 15. Bd2 O-O 16. Ne2 Qd7 17. Nf4
Rfd8 18. Nxe6 fxe6 19. Rc1 Rxc1+ 20. Bxc1 Qd1+ 21. Kf2 h5 22. Qg5 Nc3 {0-1
Rossi,G-Schlamp,R/Biel op (04)/1996 (25)}) 13... O-O (13... exd5 14. e5 Qe7 15.
Bb2 O-O 16. Ne2 Nd7 17. f4 Qh4+ 18. g3 Qh3 19. Bd4 Ndb6 20. Qb1 Nc4 21. Ra2 Bg4
22. Kf2 f6 23. exf6 gxf6 24. Qf1 Qh5 {1/2-1/2 Mitenkov,A-Zhidkov,V/Moscow-ch/
1994 (44)}) 14. Ne2 Re8 15. Bb2 Nxb2 (15... exd5 16. e5 Nd7 17. f4 Nxb2 (17...
Bb7 $6 18. Bd4 $14)) 16. Qxb2 exd5 17. e5 Nd7 18. f4 f6 (18... Qh4+ $5 19. g3
Qh3 20. Nd4 Nb6 21. Kf2 $11 (21. O-O-O Bg4 $15)) (18... Bb7 19. O-O f6 20. Qc2
Nf8 21. exf6 Qxf6 22. Qd2 $11) 19. Qc2 (19. exf6 Qxf6 20. Qxf6 Nxf6 $11) 19...
Nf8 (19... fxe5 20. Bxh7+ Kh8 21. Bg6 Re7 22. Rd1 $13) 20. exf6 Qxf6 21. O-O
Bg4 22. Ng3 (22. Rad1 Rac8 23. Qa2 Qe6 24. Rfe1 $11) 22... Qd4+ 23. Kh1 Rac8
24. Qd2 g6 (24... Qc3 25. Ra2 Qxd2 26. Rxd2 Rc3 27. Bb1 $11) 25. Ra2 Rc3 26.
Bb1 Qc4 $2 {Black overestimates his central control and will be punished by
strong white's attack. Schwarz uberschatz seine Kontrolle im Zentrum und wird
bestraft vom starkem weissem Angriff.} (26... Qxd2 27. Rxd2 Rxa3 28. Rxd5 Be6
$11) 27. Rc2 Rxc2 (27... d4 $4 28. Ba2 Rxc2 29. Qxc2 $18) (27... Rd3 28. Qc1
Qd4 29. f5 $1 $14) (27... Ree3 28. Rcc1 Rxc1 29. Rxc1 Qb3 30. f5 $1 $16) 28.
Bxc2 d4 (28... Nd7 29. f5 $40) 29. f5 Qc3 (29... Bxf5 30. Bxf5 gxf5 31. Qf2 Ng6
32. Nxf5 Rf8 33. Kg1 $1 $16) 30. f6 $1 (30. Qxc3 dxc3 31. Ne4 Kh8 32. fxg6 Nxg6
$14) 30... Re3 (30... Qxd2 31. f7+ Kg7 32. fxe8=Q $18) 31. f7+ Kg7 32. Qf2 Re6
(32... h6 33. Qf6+ Kh7 34. Bxg6+ Nxg6 35. f8=Q Nxf8 36. Qf7+ Kh8 37. Qxf8+ Kh7
38. Rf7+ Kg6 39. Qg7#) (32... Qc6 33. Qf4 Qc4 34. Qf6+ Kh6 35. Bd1 Rxg3 36.
hxg3 $18) 33. Bb3 $1 Rb6 (33... Qxb3 34. Qxd4+ Kh6 35. Qxg4 Qe3 36. Nf5+ $1
gxf5 37. Qg8 Ng6 38. f8=Q+ Nxf8 39. Qxf8+ Kg6 40. Qxf5+ Kh6 41. Qf8+ Kg6 42. h3
$18) 34. Qf4 h5 (34... d3 35. Qxg4 Qxb3 36. Nf5+ Kxf7 37. Nd4+ $18) (34... Be6
35. Nh5+ $1 gxh5 36. Qf6#) 35. Qe5+ Kh7 36. Ne4 Qxb3 37. Ng5+ Kh6 38. h4 (38.
Qh8+ Kxg5 39. Qxf8 Rf6 40. Qc5+ Kh6 41. f8=Q+ Rxf8 42. Qxf8+ Kg5 43. Qf4+ Kh4
44. Qf6+ g5 45. Qf2+) (38. h4 Qe3 39. Qh8+) 1-0

[Event "Belgrade Investbank"]
[Site "Belgrade"]
[Date "1997.11.21"]
[Round "9"]
[White "Beliavsky, Alexander G"]
[Black "Shirov, Alexei"]
[Result "1-0"]
[WhiteElo "2710"]
[BlackElo "2700"]
[Annotator "Huebner,R"]
[PlyCount "75"]
[EventDate "1997.11.11"]
[EventType "tourn"]
[EventRounds "9"]
[EventCountry "YUG"]
[EventCategory "18"]
[SourceTitle "CBM 062"]
[Source "ChessBase"]
[SourceDate "1998.01.31"]
[SourceVersion "1"]
[SourceVersionDate "1998.01.31"]
[SourceQuality "1"]

1. Nf3 d5 2. d4 c6 3. c4 Nf6 4. Nc3 dxc4 5. a4 Bf5 6. Ne5 e6 7. f3 Bb4 8. e4
Bxe4 9. fxe4 Nxe4 10. Bd2 Qxd4 11. Nxe4 Qxe4+ 12. Qe2 Bxd2+ 13. Kxd2 Qd5+ 14.
Kc2 Na6 15. Nxc4 O-O 16. Qf3 {Es ist nicht einfach, den Wert dieser Neuerung
richtig einzuschätzen; die kritische Stellung dürfte vor dem 19. Zuge von Weiß
liegen. Es folgen Beispiele mit der bisher üblichen Fortsetzung zum Vergleich.}
(16. Qe5 Nb4+ (16... Rab8 17. Be2 f6 18. Qxd5 cxd5 19. Nd6 Nb4+ 20. Kb1 a6 21.
Ra3 Nc6 22. Rc1 Nd4 23. Bf1 Rfd8 24. Rd3 e5 25. Rxd4 exd4 26. Nf5 g6 27. Nxd4
Rbc8 28. Rd1 f5 29. Be2 Kf7 30. Bf3 Kf6 31. Nc2 {Sergejev,R-Haba,P/EU-chTM
1997/EXP 57/[Huebner,R]/1/2-1/2 (105)}) (16... Rac8 17. Be2 f6 18. Qe3 b5 19.
Rad1 (19. Nd2 Rfd8 20. Rhd1 Nb4+ 21. Kc1 Qxg2 22. Qxe6+ Kh8 23. Qe4 Qf2 24.
Qxb4 {1/2-1/2 Schmidt,W-Urban,K/POL-ch 1991/EXP 22}) 19... Qf5+ 20. Bd3 Qg4 21.
Nd6 Rb8 22. Kb1 Nb4 23. h3 Qxg2 24. Rhg1 Qf2 25. Qxe6+ Kh8 26. Nf7+ {1-0
Novikov,I-Rosic,S/Tuzla 1989/EXT 97}) 17. Kc3 b5 18. axb5 cxb5 19. Kxb4 bxc4
20. Qxd5 exd5 21. Kc5 Rab8 22. Kxd5 Rxb2 23. Kxc4 Rc8+ 24. Kd4 Rc7 25. h4 h5
26. Rh3 Rb4+ 27. Ke3 Re7+ 28. Kf2 Ree4 29. Rf3 Rxh4 30. g3 Rh2+ {Ftacnik,
L-Conquest,S/CSR-ch int 1989/EXT 89ch/1/2-1/2 (41)}) 16... Qc5 {Diese
Möglichkeit wird dem Schwarzen durch die neue Fortsetzung, die Weiß gewählt
hat, eröffnet.} 17. Kb1 (17. Qe3 Qf5+ 18. Kc3 Nc5 {sieht nicht besonders
attraktiv für Weiß aus.}) (17. Be2 {ergibt keinen wesentlichen Unterschied zur
Partiefortsetzung.}) 17... Nb4 18. Be2 Rad8 19. Rc1 ({Die Fortsetzung} 19. Ra3
b5 20. axb5 cxb5 21. Ne3 Rd2 22. Rc3 Qg5 23. Rd1 {war vielleicht genauer.})
19... Qg5 $6 (19... Rd4 {sieht plausibler aus als die Textfortsetzung; Schwarz
gewinnt gegenüber der Partiefolge Zeit nach} 20. Qh5 (20. Ra3 Rfd8) 20... Qd5 {
denn der Damenturm des Weißen ist noch nicht im Spiel.}) 20. Qg4 Qc5 (20...
Qxg4 21. Bxg4 Rd4 22. Be2 Rfd8 23. Ra3 {führt zu etwas besserem Spiel für Weiß.
}) 21. Ra3 Rd4 22. Qh5 {Nach anderen Damenzügen kann Schwarz die Diagonale
g6-b1 für seine Dame erobern:} (22. Qf3 Qg5 23. Rb3 Qg6+ 24. Ka1 a5 {mit gutem
Spiel für Schwarz.}) 22... Qd5 ({Nach} 22... Qxh5 23. Bxh5 Rfd8 24. Be2 {
scheint mir die Stellung etwas angenehmer für Weiß zu sein. Der Textzug
verdient meines Erachtens nicht den herben Tadel, den ihm Z. Ilic in "New in
Chess" 8/1997, S.54 zukommen läßt.}) 23. Qxd5 {Dies ist ein recht guter
Augenblick für den Damentausch; Weiß kann seine Figuren in aktive Positionen
bringen. Eine andere sinnvolle Fortsetzung gibt es ohnehin nicht.} exd5 (23...
cxd5 {ist nicht besser:} 24. Rb3 (24. Nd6 Rd2 {scheint mir weniger zwingend zu
sein.}) 24... Nc6 25. Nd6 Na5 26. Rb5 Rxa4 (26... b6 27. Rc7 {ist genauso
unerfreulich für Schwarz.}) 27. Bd1 a6 28. Rbc5 b6 29. Bxa4 bxc5 30. Rxc5 Rd8
31. Nxf7 {mit Gewinnstellung für Weiß.}) (23... Rxd5 24. Rb3 c5 25. Bf3 {
ist natürlich nicht empfehlenswert für Schwarz.}) ({Nach} 23... Nxd5 24. Rb3 b6
25. a5 {verliert die Bauernstellung des Schwarzen ebenfalls ihre Stabilität.})
24. Nd6 (24. Rb3 c5 25. Nd6 b6 26. Re3 {kam meines Erachtens stark in Betracht.
}) 24... b6 ({Aktives Vorgehen ist nicht zu empfehlen. Nach} 24... Rd2 25. Re3
d4 26. Re4 d3 27. Bf3 {hat Schwarz die Kompaktheit seiner Bauernstellung mit
eigener Hand zerstört und wird Material verlieren.}) 25. Re3 g6 26. Re7 a6 {
Schwarz möchte offenbar den Verlust seines b-Bauern vermeiden, doch ist die
Stellung, die nach} (26... a5 27. Rb7 (27. Rd1 Rxd1+ 28. Bxd1 f5 29. Rd7 h6 30.
b3 Rf6 {führt auch zu keinem klaren Ergebnis.}) 27... f5 28. Rxb6 Rd8 29. Nb7
Rb8 30. Bf3 {entsteht, nicht einfach einzuschätzen. Wenn Weiß sich nicht auf
den b-Bauern stürzen darf, so ist 26...a5 jedenfalls vorzuziehen, denn die
Verankerung des Springers auf d4 ist nützlich. Andrerseits scheint der Textzug
dem Schwarzen ein befriedigendes Spiel zu gewähren.}) 27. Rf1 {Es kam in
Betracht, den zentral aufgestellten Turm auf d4 zu beseitigen. Nach} (27. Rd1
Rxd1+ 28. Bxd1 f5 29. Kc1 {halte ich die Stellung des Weißen für vorteilhaft.})
27... f5 28. g4 {Dies ist die konsequente Fortsetzung des mit dem letzten Zuge
eingeleiteten Planes. Weiß will die Stellung öffnen, um mit allen Figuren zum
Angriff zu kommen; Schwarz sollte dies nicht zulassen.} Rd8 (28... f4 29. g5 {
Die Folge} Rd8 {war jedoch vielleicht noch etwas genauer als der Textzug, denn}
(29... Rd2 $2 30. Bg4 Nd3 31. Be6+ Kh8 32. Nf7+ Rxf7 ({Die Variante} 32... Kg8
33. Ne5+ Kh8 34. Nxd3 Rxd3 35. Rxf4 {wird von Z. Ilic in "New in Chess" 8/1997,
S.55 angegeben.}) 33. Rxf7 {ist natürlich hoffnungslos für Schwarz.}) 30. Nf7
Kf8 31. Rb7 Re8 {sieht unerfreulich für Weiß aus.}) (28... Rf6 $2 {wird von Z.
Ilic in "New in Chess" 8/1997, S.55 vorgeschlagen. Er analysiert:} 29. Re8+ {
ist jedoch viel stärker als 29.Td7?:} (29. Rd7 Rd2 30. Bd1 (30. Bf3 Rxh2 (30...
fxg4 31. Rd8+ Kg7 32. Ne8+ {und Weiß gewinnt.}) (30... Re6 31. gxf5 Rf2 32. Rg1
{und Weiß gewinnt.}) (30... Nd3 {kommt jedoch auch hier in Betracht.}) 31. gxf5
Nd3 {mit unklarem Spiel.}) 30... Nd3 ({Ilic gibt nur die Fortsetzung} 30...
Rxh2 31. gxf5 $16 {an.}) 31. Bc2 Nb4 {Weiß hat keinen Vorteil.}) 29... Kg7 30.
Rd8 Re6 31. gxf5 Rxe2 32. f6+ Kh6 33. Nf5+ (33. f7 Rf4 {gibt dem Schwarzen
noch Möglichkeiten zum Widerstand.}) 33... gxf5 34. f7 {und Weiß gewinnt.}) 29.
Re6 fxg4 $2 ({Richtig war} 29... f4 {Diese Stellung vermag ich nicht
einzuschätzen.}) 30. Ne8 Nd3 $6 ({Zäher war} 30... g5 31. Re5 {ist stärker:} (
31. Re7 Rf4 32. Nf6+ Kf8 33. Rb7 ({Auch nach} 33. Rxh7 Rxf1+ 34. Bxf1 Rd6 {
kommt der Turm des Schwarzen ins Spiel, und der Ausgang der Partie ist noch
keineswegs klar.}) 33... Rxf1+ 34. Bxf1 Rd6 35. Nxh7+ Kg8 36. Rxb6 a5 37. Nxg5
Rg6 38. Rb8+ Kg7 39. Rb7+ Kg8 40. h4 gxh3 41. Nxh3 Re6 {mit unklarer Stellung.}
) 31... h6 32. Bxg4 Rf4 {Sonst dringt der Turm des Weißen mit entscheidender
Kraft auf der f-Linie ein.} 33. Nf6+ Kf7 34. Rxf4 gxf4 35. Rf5 {mit
technischer Gewinnstellung für Weiß.}) 31. Nf6+ Kf7 32. Rxc6 $18 {Jetzt ist
die Bauernstruktur des Schwarzen zerstört, und Weiß gewinnt mühelos.} Nf4 33.
Bxa6 Rxa4 34. Nxg4 Rxa6 35. Rxf4+ Ke7 36. Ne5 Rd6 37. Rc7+ Ke6 38. Nd3 1-0

[Event "FIDE-Wch k.o."]
[Site "Groningen"]
[Date "1997.12.17"]
[Round "4.1"]
[White "Beliavsky, Alexander G"]
[Black "Short, Nigel D"]
[Result "1-0"]
[WhiteElo "2710"]
[BlackElo "2660"]
[Annotator "Stohl,I"]
[PlyCount "91"]
[EventDate "1997.12.09"]
[EventType "k.o."]
[EventRounds "7"]
[EventCountry "NED"]
[SourceTitle "CBM 063"]
[Source "ChessBase"]
[SourceDate "1998.03.26"]
[SourceVersion "1"]
[SourceVersionDate "1998.03.26"]
[SourceQuality "1"]

1. d4 e6 2. c4 b6 3. e4 Bb7 4. Bd3 f5 $6 {A risky move, leading to great
complications.} ({The safer and currently more popular alternative is} 4... Nc6
5. Ne2 (5. Nf3 Nb4 6. O-O Ne7 7. Nc3 Nxd3 8. Qxd3 Ng6 9. Bg5 Be7 10. Bxe7 Qxe7
11. d5 O-O 12. Rad1 c6 13. d6 Qf6 14. c5 e5 15. Qe3 Ba6 16. Rfe1 Rfb8 17. b4
Bc4 18. Nd2 Be6 19. b5 Rc8 20. bxc6 Rxc6 21. Nd5 Qd8 22. Nc7 Rb8 23. Nxe6 fxe6
24. Nb3 bxc5 25. Nxc5 Rbc8 26. Nb3 Qb6 27. Qxb6 axb6 28. g3 Nh8 29. Nd2 Nf7 $15
{Dreev,A-Speelman,J/Geneva act 1996/1/2 (65)}) 5... Nb4 6. Nbc3 Nxd3+ 7. Qxd3
Ne7 8. O-O d6 9. d5 Qd7 10. Be3 (10. f4 g6 11. Nd4 O-O-O 12. b4 Bg7 13. b5
Bxd4+ 14. Qxd4 f5 15. Re1 Rhe8 16. Bb2 fxe4 17. Nxe4 Ng8 18. Nc3 Qf7 19. Re3
exd5 20. Nxd5 Rxe3 21. Qxe3 Bxd5 22. cxd5 Qxd5 23. a4 Kb8 $17 {Gelfand,B-Short,
N/Novgorod 1997/0-1 (37)}) 10... Ng6 (10... g6 $142 $5 11. b4 $14) 11. f4 Be7
12. Bd4 O-O 13. dxe6 fxe6 14. f5 e5 15. Be3 Nh8 16. Nd5 Bd8 17. Rad1 Nf7 18. b4
c6 19. Ndc3 Qe8 20. Ng3 Bf6 21. Kh1 Rd8 22. a4 Rd7 23. Qe2 Kh8 24. Rd2 Qe7 25.
b5 $36 {(),Dautov,R-Kengis,E/Hockenheim act 1997/1/2 (44)}) 5. exf5 Bb4+ ({
Practically nobody nowadays plays} 5... Bxg2 $6 6. Qh5+ g6 7. fxg6 Bg7 8. gxh7+
Kf8 9. Ne2 Bxh1 10. Bg5 Nf6 11. Qh4 Qe7 12. Nf4 Qf7 13. Bg6 $1 (13. Nd2 Nc6 14.
Bg6 Rxh7 15. Bxh7 Nxh7 16. Qxh7 Nxd4 17. Ng6+ Ke8 18. Nh8 Nf3+ 19. Kf1 Nxg5 20.
Qh4 Nf3 {0-1,Vegh,E-Zlatilov,I/Sankt Augustin 1990}) 13... Qe7 14. Nd2 $40) 6.
Kf1 Nf6 7. Be2 $1 $146 {A new and suprisingly strong move. The point of this
seemingly illogical retreat is to prepare c5, so that after bxc5 and c4 Black
will not free his B by attacking White's Bd3. As Black is more or less forced
to sacrifice a piece, the game enters a wild tactical jungle straight out of
the opening.} (7. Bg5 O-O 8. a3 Bd6 9. Nc3 exf5 $5 (9... Nc6 10. Nf3 Qe8 (10...
Ne7 11. fxe6 dxe6 12. Qe2 Qd7 13. Re1 h6 14. Bxf6 Rxf6 15. Ne4 Rf4 16. c5 bxc5
17. dxc5 Rxf3 18. cxd6 Rxd3 19. Qxd3 Qc6 20. Kg1 Nd5 21. h3 cxd6 22. Kh2 Rf8
23. f3 $16 {Goldin,A-Gofshtein,L/Rishon Le Zion 1997/1-0 (40)}) 11. Bxf6 Rxf6
12. Ne4 Rf8 13. fxe6 dxe6 14. Nxd6 cxd6 15. Qe2 e5 16. d5 Ne7 17. Ng5 Nf5 18.
Ne6 Rf7 19. Bxf5 Rxf5 20. Nc7 Qa4 21. Nxa8 Ba6 22. Kg1 Bxc4 23. Qd1 Bb3 24. Qd2
Qe4 25. Re1 Qd4 26. Qxd4 exd4 27. f3 d3 28. Kf2 d2 29. Rd1 Bxd1 30. Rxd1 Rxd5
31. Nc7 $18 {Zagorskis,D-Kleine,C/Nuernberg Weilburg op 1995/1-0 (38)}) 10. d5
h6 11. Bd2 Na6 12. b4 c6 13. dxc6 dxc6 14. Qb1 Bxb4 15. axb4 Nxb4 16. Qxb4
Qxd3+ 17. Nce2 Ne4 18. Be1 c5 19. Qb1 Qxc4 20. Qa2 Qxa2 21. Rxa2 a5 22. f3 a4
$17 {Brondum,E-Plaskett,J/Copenhagen op 1981/0-1 (39)}) (7. c5 $5 bxc5 8. a3 c4
9. Bxc4 Ba5 10. fxe6 dxe6 (10... Bb6 11. exd7+ Qxd7 12. Nf3 Nc6 13. Qe2+ Kf8
14. Be3 Nxd4 15. Nxd4 Bxd4 16. Bxd4 Qxd4 17. Nc3 Re8 18. Qd3 Qe5 19. Rd1 g6 20.
Qd4 Qg5 21. f3 Kg7 22. h4 Qf5 23. Bd3 Qa5 24. Kf2 Rd8 25. Qb4 Qxb4 26. axb4 Rd4
27. b5 $16 {Arlandi,E-Sulava,N/Asti op 1995/1-0 (38)}) 11. Qa4+ (11. Bxe6 $6
Qe7 12. d5 Nxd5 13. Bxd5 Bxd5 14. Ne2 Qf7 15. Nbc3 Bb3 16. Qd3 O-O 17. Be3 Nc6
18. Qb5 Rae8 19. Bc5 Bc4 20. Qxc6 Bxc3 21. bxc3 Rxe2 22. Kg1 Rxf2 23. h4 Rb2
24. Rd1 Qh5 25. Rd4 Rf1+ {0-1,Sideif Sade,F-Lempert,I/Nabereznye Chelny 1993})
11... Nc6 12. Nf3 (12. Bb5 Qd5 13. Nc3 Bxc3 14. bxc3 O-O 15. Qc4 Ne4 16. Nf3
Nxc3 17. Qxd5 exd5 18. Bxc6 Bxc6 19. Be3 Rab8 20. Ne5 Bb5+ 21. Ke1 Ba4 22. Nd3
Rb3 23. Nc5 Rb2 24. Nxa4 Nxa4 25. Rc1 Nb6 26. Rxc7 Nc4 $40 {Lauber,A-Czebe,A/
Budapest FS05 IM 1997/0-1 (33)}) 12... Qd6 $2 (12... O-O $142 $132) 13. Nc3
O-O-O 14. Nb5 Qd7 15. Nxa7+ Nxa7 16. Qxa5 Nc6 17. Qa4 Rhf8 18. Bg5 h6 19. Re1
e5 20. d5 Nxd5 21. Bxd8 Rxf3 22. Bxd5 Qxd5 23. Qg4+ {1-0,Dautov,R-Teske,H/
Vienna op 1996}) (7. fxe6 dxe6 8. Be3 O-O 9. h3 Nbd7 10. Nf3 e5 $1 11. Nxe5
Nxe5 12. dxe5 Ne4 13. Kg1 Nxf2 14. Bxh7+ Kxh7 15. Qh5+ Kg8 16. Bxf2 Rxf2 17.
Kxf2 Qd4+ {0-1,Kleinplatz,S-Lempert,I/Hyeres op 1992}) 7... O-O 8. c5 bxc5 (
8... Nc6 9. a3 (9. Nf3 $142 $5 {[%cal Ra2a3] /\a3}) 9... Nxd4 $5 10. axb4 Nxe2
11. Nxe2 Ng4 12. Qd4 Qh4 13. h3 Rxf5 14. g3 Qe7 15. hxg4 Rd5 16. Rh5 Rxd4 17.
Nxd4 Qf6 18. Be3 Qg6 19. Nc3 Qxg4 20. Rh4 Qg6 21. Rd1 a5 22. c6 dxc6 23. bxa5
Rd8 24. Rd2 c5 25. Nc6 $1 $13 {Ippolito,D-Hodgson,J/Mermaid Beach schev 1998/1/
2 (42)}) 9. a3 Ba5 (9... cxd4 10. axb4 e5 11. Nf3 $16) 10. dxc5 Nd5 (10... c6
$2 {saves the B, but Black has no compensation after} 11. b4 Bc7 12. fxe6 $16)
(10... Ne4 11. b4 Rxf5 (11... Qf6 12. Ra2 Nxf2 13. Kxf2 Qxf5+ 14. Nf3 Qxb1 15.
Rb2 $16) 12. Nf3 Qf6 13. Ra2 Bd5 14. Rb2 $16) 11. Nf3 $1 (11. b4 $2 Qf6 12. Ra2
Qxf5 13. Bd3 Ba6 $1 {/\} 14. Bxa6 Qxb1 15. Rb2 Ne3+ $1 $19) 11... Rxf5 12. b4
Nxb4 13. axb4 Bxb4 14. Bb2 (14. Qb3 a5 15. Be3 Na6 $132) 14... a5 $5 (14...
Bxc5 15. Nbd2 {[%cal Ye2d3,Yd1c2] /\Bd3,Qc2|^}) 15. h4 $1 {The fastest way to
activate Rh1.} Rd5 16. Qb3 Na6 17. Nc3 Nxc5 18. Qc2 $36 {[%csl Rg8] An
interesting position with a disrupted material balance. Although Black has 3
pawns for the sacrificed piece and his forces are quite active, White is
somewhat better. Black's pawns are not yet a threat, Black's K is slightly
weakened and also White's pieces are well coordinated.} Rf5 19. Rh3 Qe7 20. Kg1
(20. Rg3 $5 {[%cal Gg3g7] |^<->g}) 20... Raf8 21. Rf1 d6 (21... d5 22. Na2 $16)
(21... e5 $5 22. Ng5 $14 (22. Bc4+ Kh8 23. Nd5 Bxd5 24. Bxd5 e4 25. Rg3 Rxd5
26. Bxg7+ Qxg7 27. Rxg7 Kxg7 28. Ng5 $13)) (21... h6 $5) 22. Ng5 $1 h6 $6 {
Black sacrifices even more material, but White's piece play triumphs in the
end.} (22... g6 23. Nce4 $5 $36) 23. g4 hxg5 (23... Rxg5 24. hxg5 Qxg5 25. Bc1
Qf6 26. Na2 $16 {[%cal Rg4g5] /\g5}) 24. gxf5 Rxf5 25. Bg4 Rf4 26. f3 gxh4 27.
Qh2 $40 Qg5 (27... g5 28. Rxh4 gxh4 29. Qxf4 Nd3 30. Qh6 Nxb2 31. Bxe6+ $18)
28. Rxh4 Nd3 29. Rh8+ Kf7 30. Qg3 $1 Qc5+ (30... Nxb2 31. Bh5+ Kf6 32. Rf8+ $18
) 31. Kh2 Bxc3 (31... Rf6 32. Bh5+ g6 33. Bxg6+ Rxg6 34. Rh7+ Kf6 35. Ne4+ Kf5
36. Rf7+ $18) 32. Qh4 $1 {It's necessary to cut off Black's K.} (32. Bh5+ $2
Ke7 33. Bxc3 Qxc3 $17) 32... Bf6 (32... Bxb2 33. Qd8 $1 (33. Bh5+ g6 34. Bxg6+
Kxg6 35. Qh6+ Kf7 36. Qf8+ Kg6 37. Qh6+ $11) 33... Kg6 (33... Rf5 34. Rf8+ Kg6
35. Bxf5+ exf5 36. Rg1+ Qxg1+ 37. Kxg1 $16) (33... Qc2+ 34. Kg3 Qg2+ 35. Kxg2
Rxg4+ 36. Kh3 $18) 34. Qe8+ Rf7 (34... Kf6 35. Qxe6+ Kg5 36. Rh5#) 35. Qxe6+
Rf6 (35... Bf6 36. Bh5+ Qxh5+ 37. Rxh5 $18) 36. Qe8+ Rf7 37. Bh5+ Kg5 38. Rg1+
Qxg1+ 39. Kxg1 Bd4+ 40. Kf1 $16) 33. Qh7 Qc2+ (33... Nxb2 34. Qg8+ Kg6 (34...
Ke7 35. Qe8#) 35. Qe8+ Kg5 36. Qh5#) (33... Bxb2 34. Qg8+ Kg6 35. Qxe6+ Rf6 {
-32...Bb2}) 34. Kh3 Rxf3+ $6 (34... Qg2+ 35. Kxg2 Rxg4+ 36. Kh3 Rh4+ 37. Qxh4
Bxh4 38. Rxh4 Nxb2 39. Rb1 $18) (34... Nf2+ $142 $5 35. Rxf2 Qxh7+ (35... Qxf2
36. Qg8+ Kg6 37. Qe8+ $18) 36. Rxh7 Bxb2 37. Rxb2 Bxf3 $16) 35. Bxf3 Nf4+ 36.
Kg3 Qxb2 37. Qg8+ Kg6 38. Qh7+ $138 Kf7 39. Qg8+ Kg6 40. Qe8+ Kf5 41. Bxb7 $18
{White has a decisive material advantage (2R : N+5P), moreover Black's K is
still under attack.} g5 (41... Qc3+ 42. Bf3 $18) 42. Rh6 Qc3+ 43. Bf3 Ne2+ (
43... g4 44. Rxf6+ $1 Qxf6 (44... Kxf6 45. Qh8+ $18) 45. Bxg4+ Kg5 46. Qg8+ Qg6
47. Qd8+ $18) 44. Kg2 Nf4+ 45. Kh1 d5 46. Qf7 (46. Qf7 a4 (46... g4 47. Bg2 $18
) 47. Rxf6+ Qxf6 48. Bg4+ Ke5 49. Re1+ $18) 1-0